| 000 | 01192cam a2200265 4500 | ||
|---|---|---|---|
| 008 | 090401t1985 xxu||||| |||| 00| 0 eng d | ||
| 020 | _a0903577313 | ||
| 035 | _a(Sirsi) u64054 | ||
| 041 | _aeng | ||
| 050 | _a333.70285 | ||
| 110 |
_aCommonwealth Association of Surveying and Land Economy _92570 |
||
| 245 | _aLand information management: systems and experiences in developing countries. Papers presented at a symposium on the Management and Development of Natural Resources, Kuala Lumpar, Malaysia 9-14 September 1985. | ||
| 260 |
_aLondon _bCASLE _c1985 |
||
| 300 | _a41p. ; 21cm. | ||
| 350 | _a0 | ||
| 520 | _aPapers:- Land Information Systems for developing countries/ Dunkerley, Howard - Land Information New Zealand: the experience of a developing nation/ Hawkey, Warren - Land Information Management: a review of selected concepts and issues/ McLaughlin, John - Land registration for less developed countries: a checklist/ Holstein, Lynn. | ||
| 650 | _aDEVELOPING COUNTRIES | ||
| 650 | _aGIS | ||
| 650 | _aLAND INFORMATION SYSTEMS | ||
| 650 | _aLAND SURVEYING | ||
| 650 | _aNEW ZEALAND | ||
| 690 | _aOVERSEAS-REST OF THE WORLD | ||
| 942 | _n0 | ||
| 948 | _c04/03/1997 | ||
| 999 |
_c94637 _d94637 |
||